Subjektivní hodnocení zdravotního stavu osobami staršími 60 let a vybrané charakteristiky jejich zdravotního chování

Bibliographic Details
Main Authors: Zaremba, Vladimír, 1930- (Author), Zavázalová, Helena, 1943-2013 (Author), Kotrba, J. (Author), Zikmundová, Květuše, 1952- (Author)
Format: Article
Language:Slovak
Czech
PhysicalDescription:Tab.
ISSN:1335-1850
Subjects:

MARC

LEADER 00000nab a2200000 a 4500
001 vtls008414870
003 SK-MaSNL
005 20260304145959.0
008 250505c2005 xo 0 slo
015 |a SNBCL2005/5 
035 |a SLK032824 
035 |a urn:nbn:sk:snk-abvxh 
035 |a (urnnbn)urn:nbn:sk:snk:ar-a059y0 
035 |a (uuid)15236806-b3a1-498b-ac85-f8565ad9e23c 
040 |a SNKBUCL  |b slo  |c SNKBUCL  |e AACR2 
041 0 |a cze  |b cze  |b eng 
044 |a xo  |c SK 
080 |a 612.66:616-053.9(437.1/.2)  |2 1981 
245 0 0 |a Subjektivní hodnocení zdravotního stavu osobami staršími 60 let a vybrané charakteristiky jejich zdravotního chování  |c V. Zaremba ... [et al.] 
246 1 0 |a Subjective evaluation of health status by subjects aged over 60 years and selected characteristics of their health behavior 
300 |b Tab. 
504 |a Res. angl., čes. 
504 |a Bibliogr. odkazy 
650 0 7 |a stav zdravotný  |x ľudia pokročilého veku  |2 MESH  |9 1445356 
650 0 7 |a bolesť  |x klasifikácia  |2 MESH  |9 1056283 
650 0 7 |a poruchy zaspávania a priebehu spánku  |x komplikácie  |2 MESH  |9 1469569 
650 0 7 |a poruchy psychomotorické  |x klasifikácia  |2 MESH  |9 1469570 
650 0 7 |a kvalita života  |x psychológia  |2 MESH  |9 874457 
651 7 |a Česko  |2 SNKBUCL  |9 16753 
700 1 |a Zaremba, Vladimír,  |d 1930-  |4 aut  |9 215506 
700 1 |a Zavázalová, Helena,  |d 1943-2013  |4 aut  |9 822370 
700 1 |a Kotrba, J.  |4 aut  |9 1030515 
700 1 |a Zikmundová, Květuše,  |d 1952-  |4 aut  |9 12495 
773 0 |t Geriatria  |g Roč. 11, č. 1 (2005), s. 18-23  |x 1335-1850 
850 |a Slovenská národná knižnica 
852 |a Slovenská národná knižnica 
954 |a odborná, vedecká literatúra cudzojazyčná (svetová)  |2 lita 
958 |a article27 
958 |a OND 
958 |a EUIPO 
999 |c 2937636  |d 2939566